Capitales des pays participants à la coupe du monde de foot 1986 - Statistiques

Statistiques générales
  • Ce quiz a été pris 29 fois
  • Le résultat moyen est 18 sur 24
Statistiques - réponses
Capitales % Correct
Paris
100%
Berlin (Bonn)
96%
Buenos Aires
96%
Madrid
96%
Londres
93%
Moscou
93%
Mexico
89%
Rome
89%
Brasilia
85%
Alger
81%
Bruxelles
78%
Lisbonne
78%
Montevideo
78%
Varsovie
70%
Ottawa
67%
Budapest
63%
Rabat
63%
Copenhague
59%
Edimbourg
59%
Séoul
59%
Sofia
59%
Asunción
48%
Belfast
41%
Bagdad
26%
Aucun quiz correspondant
Distribution des résultats
% des personnes avec chaque résultat
Percentile par nombre de réponses
Votre historique - résultats
Vous n’avez pas pris ce quiz